A text workbook on psychiatric and mental health nursing/ (Record no. 8417)

MARC details
000 -LEADER
fixed length control field 00880nam a22002297a 4500
003 - CONTROL NUMBER IDENTIFIER
control field OSt
005 - DATE AND TIME OF LATEST TRANSACTION
control field 20260216054023.0
008 - FIXED-LENGTH DATA ELEMENTS--GENERAL INFORMATION
fixed length control field 260216b |||||||| |||| 00| 0 eng d
020 ## - INTERNATIONAL STANDARD BOOK NUMBER
International Standard Book Number 978-971-513-388-3
040 ## - CATALOGING SOURCE
Original cataloging agency DWC-Main lib
Transcribing agency OC
082 ## - DEWEY DECIMAL CLASSIFICATION NUMBER
Edition number First edition
Classification number Fil. 610.7368 R896t 2025
100 ## - MAIN ENTRY--PERSONAL NAME
Personal name Rubio, Rica Rose May A.
245 ## - TITLE STATEMENT
Title A text workbook on psychiatric and mental health nursing/
Statement of responsibility, etc. Rica Rose May A. Rubio
250 ## - EDITION STATEMENT
Edition statement First edition
260 ## - PUBLICATION, DISTRIBUTION, ETC.
Place of publication, distribution, etc. Quezon City, Philippines:
Name of publisher, distributor, etc. APD Educational Publishing House,
Date of publication, distribution, etc. c2025.
300 ## - PHYSICAL DESCRIPTION
Extent xiii,
Other physical details 197 pages;
Dimensions 27 cm.
504 ## - BIBLIOGRAPHY, ETC. NOTE
Bibliography, etc. note Includes bibliographical references and glossary.
650 ## - SUBJECT ADDED ENTRY--TOPICAL TERM
Topical term or geographic name entry element 1. Psychiatry--Examinations, questions, etc.
650 ## - SUBJECT ADDED ENTRY--TOPICAL TERM
Topical term or geographic name entry element 2. Mental health services -- Examinations, questions, etc.
700 ## - ADDED ENTRY--PERSONAL NAME
Personal name Divina Grace M. Maruma
942 ## - ADDED ENTRY ELEMENTS (KOHA)
Source of classification or shelving scheme Dewey Decimal Classification
Koha item type Book-Filipiniana
Edition First edition
Call number prefix Fil.
Suppress in OPAC No
952 ## - LOCATION AND ITEM INFORMATION (KOHA)
--
Holdings
Withdrawn status Lost status Source of classification or shelving scheme Damaged status Not for loan Home library Current library Shelving location Date acquired Source of acquisition Total Checkouts Full call number Barcode Date last seen Copy number Price effective from Koha item type Uniform Resource Identifier
    Dewey Decimal Classification     College Library College Library Filipiniana 10/02/2025 School Fund   Fil. 610.7368 R896t 2025 CL54571 02/16/2026 c1 02/16/2026 BK - FIL